[Event "ABC 2024 Utrecht, Groep B"]
[Site "Utrecht"]
[Date "2024.03.09"]
[Round "4.5"]
[White "Hylarides, Charlie Ronald"]
[Black "Leenen, Boyd"]
[Result "0-1"]
[WhiteElo "1783"]
[BlackElo "1852"]

1. d4 {[%clk 00:55:19]} Nf6 {[%clk 00:55:15]} {[%emt 00:00:04]} 2. c4 {[%clk
00:55:23]} {[%emt 00:00:07]} e6 {[%clk 00:55:19]} {[%emt 00:00:05]} 3. Nc3
{[%clk 00:55:25]} {[%emt 00:00:09]} Bb4 {[%clk 00:55:20]} {[%emt 00:00:08]} 4.
Qc2 {[%clk 00:55:28]} {[%emt 00:00:08]} c5 {[%clk 00:55:18]} {[%emt 00:00:12]}
5. dxc5 {[%clk 00:55:24]} {[%emt 00:00:14]} Bxc5 {[%clk 00:55:20]} {[%emt
00:00:07]} 6. Nf3 {[%clk 00:53:56]} {[%emt 00:01:38]} Nc6 {[%clk 00:55:18]}
{[%emt 00:00:12]} 7. Bg5 {[%clk 00:53:32]} {[%emt 00:00:34]} h6 {[%clk
00:55:17]} {[%emt 00:00:11]} 8. Bxf6 {[%clk 00:53:33]} {[%emt 00:00:10]} Qxf6
{[%clk 00:55:18]} {[%emt 00:00:09]} 9. Ne4 {[%clk 00:53:35]} {[%emt 00:00:08]}
Bb4+ {[%clk 00:55:22]} {[%emt 00:00:06]} 10. Nfd2 {[%clk 00:52:33]} {[%emt
00:01:12]} Qg6 {[%clk 00:55:07]} {[%emt 00:00:23]} 11. Rc1 {[%clk 00:51:45]}
{[%emt 00:01:00]} Bxd2+ {[%clk 00:52:03]} {[%emt 00:03:14]} 12. Nxd2 {[%clk
00:51:40]} {[%emt 00:00:15]} Qxc2 {[%clk 00:52:05]} {[%emt 00:00:08]} 13. Rxc2
{[%clk 00:51:47]} {[%emt 00:00:03]} Nb4 {[%clk 00:52:03]} {[%emt 00:00:12]} 14.
Rc3 {[%clk 00:49:48]} {[%emt 00:02:09]} Nxa2 {[%clk 00:51:24]} {[%emt
00:00:48]} 15. Rg3 {[%clk 00:49:00]} {[%emt 00:00:58]} g6 {[%clk 00:51:16]}
{[%emt 00:00:19]} 16. Ne4 {[%clk 00:48:40]} {[%emt 00:00:29]} Nb4 {[%clk
00:50:41]} {[%emt 00:00:43]} 17. Rh3 {[%clk 00:47:50]} {[%emt 00:01:03]} d5
{[%clk 00:47:50]} {[%emt 00:03:01]} 18. cxd5 {[%clk 00:46:10]} {[%emt
00:01:50]} Nxd5 {[%clk 00:46:41]} {[%emt 00:01:20]} 19. e3 {[%clk 00:39:20]}
{[%emt 00:06:59]} Ke7 {[%clk 00:45:33]} {[%emt 00:01:18]} 20. Bc4 {[%clk
00:35:23]} {[%emt 00:04:08]} Nf6 {[%clk 00:44:02]} {[%emt 00:01:39]} 21. Nxf6
{[%clk 00:34:12]} {[%emt 00:01:23]} Kxf6 {[%clk 00:43:50]} {[%emt 00:00:21]} 22.
Ke2 {[%clk 00:33:24]} {[%emt 00:00:58]} Bd7 {[%clk 00:43:45]} {[%emt 00:00:13]}
23. Rd1 {[%clk 00:33:20]} {[%emt 00:00:17]} Bc6 {[%clk 00:43:49]} {[%emt
00:00:05]} 24. f3 {[%clk 00:33:01]} {[%emt 00:00:28]} Ke7 {[%clk 00:43:41]}
{[%emt 00:00:18]} 25. g4 {[%clk 00:32:39]} {[%emt 00:00:33]} h5 {[%clk
00:42:55]} {[%emt 00:00:55]} 26. gxh5 {[%clk 00:32:02]} {[%emt 00:00:49]} Rh6
{[%clk 00:41:58]} {[%emt 00:01:06]} 27. Kf2 {[%clk 00:27:13]} {[%emt 00:04:58]}
Rah8 {[%clk 00:41:45]} {[%emt 00:00:25]} 28. Ra1 {[%clk 00:25:33]} {[%emt
00:01:49]} Rxh5 {[%clk 00:41:28]} {[%emt 00:00:27]} 29. Rxh5 {[%clk 00:25:30]}
{[%emt 00:00:12]} Rxh5 {[%clk 00:41:33]} {[%emt 00:00:06]} 30. Kg3 {[%clk
00:25:23]} {[%emt 00:00:17]} a6 {[%clk 00:41:17]} {[%emt 00:00:25]} 31. Rc1
{[%clk 00:25:19]} {[%emt 00:00:13]} Rc5 {[%clk 00:41:14]} {[%emt 00:00:14]} 32.
Rc2 {[%clk 00:25:09]} {[%emt 00:00:21]} b5 {[%clk 00:40:57]} {[%emt 00:00:27]}
33. Bd3 {[%clk 00:25:08]} {[%emt 00:00:11]} Rxc2 {[%clk 00:41:03]} {[%emt
00:00:04]} 34. Bxc2 {[%clk 00:25:13]} {[%emt 00:00:05]} a5 {[%clk 00:41:03]}
{[%emt 00:00:11]} 35. e4 {[%clk 00:24:54]} {[%emt 00:00:29]} Kd6 {[%clk
00:40:09]} {[%emt 00:01:03]} 36. Kf4 {[%clk 00:24:46]} {[%emt 00:00:17]} a4
{[%clk 00:39:19]} {[%emt 00:01:01]} 37. b4 {[%clk 00:24:07]} {[%emt 00:00:49]}
axb3 {[%clk 00:38:46]} {[%emt 00:00:43]} 38. Bxb3 {[%clk 00:24:07]} {[%emt
00:00:10]} f6 {[%clk 00:38:21]} {[%emt 00:00:34]} 39. h4 {[%clk 00:23:50]}
{[%emt 00:00:28]} e5+ {[%clk 00:38:19]} {[%emt 00:00:12]} 40. Kg4 {[%clk
00:23:49]} {[%emt 00:00:11]} Bd7+ {[%clk 00:38:24]} {[%emt 00:00:06]} 41. Kg3
{[%clk 00:23:48]} {[%emt 00:00:10]} Be6 {[%clk 00:38:22]} {[%emt 00:00:11]} 42.
Bd1 {[%clk 00:23:10]} {[%emt 00:00:49]} b4 {[%clk 00:38:20]} {[%emt 00:00:13]}
43. h5 {[%clk 00:22:56]} {[%emt 00:00:23]} gxh5 {[%clk 00:38:21]} {[%emt
00:00:09]} 44. Kh4 {[%clk 00:22:57]} {[%emt 00:00:10]} b3 {[%clk 00:38:22]}
{[%emt 00:00:09]} 45. Kxh5 {[%clk 00:22:54]} {[%emt 00:00:12]} b2 {[%clk
00:38:26]} {[%emt 00:00:06]} 46. Bc2 {[%clk 00:23:02]} {[%emt 00:00:02]} Ba2
{[%clk 00:38:31]} {[%emt 00:00:06]} 47. Kg6 {[%clk 00:23:05]} {[%emt 00:00:06]}
Ke7 {[%clk 00:38:34]} {[%emt 00:00:05]} 48. Kf5 {[%clk 00:23:12]} {[%emt
00:00:05]} b1=Q {[%clk 00:38:33]} {[%emt 00:00:10]} 49. Bxb1 {[%clk 00:23:20]}
{[%emt 00:00:03]} Bxb1 {[%clk 00:38:06]} {[%emt 00:00:37]} 50. f4 {[%clk
00:23:13]} {[%emt 00:00:17]} exf4 {[%clk 00:38:13]} {[%emt 00:00:04]} 51. Kxf4
{[%clk 00:22:45]} {[%emt 00:00:37]} Ke6 {[%clk 00:38:18]} {[%emt 00:00:05]} 0-1

[Event "ABC 2024 Utrecht, Groep B"]
[Site "Utrecht"]
[Date "2024.03.09"]
[Round "4.6"]
[White "Roebers, Bregje"]
[Black "Roolvink, William"]
[Result "0-1"]
[WhiteElo "1803"]
[BlackElo "1977"]

1. e4 {[%clk 00:55:17]} {[%emt 00:00:02]} c6 {[%clk 00:55:18]} {[%emt
00:00:02]} 2. d4 {[%clk 00:55:15]} {[%emt 00:00:13]} d5 {[%clk 00:55:25]}
{[%emt 00:00:03]} 3. exd5 {[%clk 00:54:57]} {[%emt 00:00:27]} cxd5 {[%clk
00:55:34]} {[%emt 00:00:02]} 4. Nf3 {[%clk 00:54:30]} {[%emt 00:00:36]} Nc6
{[%clk 00:55:37]} {[%emt 00:00:07]} 5. c3 {[%clk 00:53:55]} {[%emt 00:00:56]}
Qc7 {[%clk 00:54:16]} {[%emt 00:01:40]} 6. Bd3 {[%clk 00:53:13]} {[%emt
00:00:52]} Bg4 {[%clk 00:54:15]} {[%emt 00:00:11]} 7. O-O {[%clk 00:52:38]}
{[%emt 00:00:45]} e6 {[%clk 00:54:21]} {[%emt 00:00:04]} 8. Nbd2 {[%clk
00:49:02]} {[%emt 00:03:47]} Bd6 {[%clk 00:52:04]} {[%emt 00:02:27]} 9. h3
{[%clk 00:47:36]} {[%emt 00:01:36]} Bh5 {[%clk 00:52:00]} {[%emt 00:00:14]} 10.
Qc2 {[%clk 00:43:57]} {[%emt 00:03:48]} Nge7 {[%clk 00:51:05]} {[%emt
00:01:05]} 11. Re1 {[%clk 00:41:41]} {[%emt 00:02:26]} Rb8 {[%clk 00:50:10]}
{[%emt 00:01:06]} 12. a4 {[%clk 00:39:08]} {[%emt 00:02:43]} a6 {[%clk
00:46:55]} {[%emt 00:03:25]} 13. b3 {[%clk 00:32:21]} {[%emt 00:06:57]} b5
{[%clk 00:45:13]} {[%emt 00:01:52]} 14. axb5 {[%clk 00:31:17]} {[%emt
00:01:13]} axb5 {[%clk 00:45:21]} {[%emt 00:00:03]} 15. Bb2 {[%clk 00:27:43]}
{[%emt 00:03:44]} Bg6 {[%clk 00:40:02]} {[%emt 00:05:30]} 16. Bxg6 {[%clk
00:24:24]} {[%emt 00:03:28]} Nxg6 {[%clk 00:39:34]} {[%emt 00:00:37]} 17. Qd3
{[%clk 00:18:28]} {[%emt 00:06:07]} O-O {[%clk 00:38:56]} {[%emt 00:00:48]} 18.
Rec1 {[%clk 00:13:42]} {[%emt 00:04:56]} Nf4 {[%clk 00:30:57]} {[%emt
00:08:08]} 19. Qe3 {[%clk 00:12:49]} {[%emt 00:01:03]} Rfe8 {[%clk 00:29:37]}
{[%emt 00:01:31]} 20. g3 {[%clk 00:06:38]} {[%emt 00:06:22]} Ng6 {[%clk
00:28:31]} {[%emt 00:01:15]} 21. Re1 {[%clk 00:04:58]} {[%emt 00:01:50]} f5
{[%clk 00:20:07]} {[%emt 00:08:34]} 22. Qe2 {[%clk 00:03:21]} {[%emt 00:01:47]}
Nf8 {[%clk 00:17:28]} {[%emt 00:02:49]} 23. Ne5 {[%clk 00:02:39]} {[%emt
00:00:52]} Bxe5 {[%clk 00:12:57]} {[%emt 00:04:41]} 24. dxe5 {[%clk 00:02:44]}
{[%emt 00:00:05]} f4 {[%clk 00:11:48]} {[%emt 00:01:19]} 25. Nf3 {[%clk
00:01:14]} {[%emt 00:01:40]} fxg3 {[%clk 00:11:26]} {[%emt 00:00:33]} 26. fxg3
{[%clk 00:01:23]} Nd7 {[%clk 00:11:34]} {[%emt 00:00:01]} 27. Kg2 {[%clk
00:00:53]} {[%emt 00:00:39]} Nc5 {[%clk 00:11:43]} {[%emt 00:00:02]} 28. b4
{[%clk 00:00:32]} {[%emt 00:00:31]} Ne4 {[%clk 00:11:40]} {[%emt 00:00:12]} 29.
Nd2 {[%clk 00:00:39]} {[%emt 00:00:05]} Nxd2 {[%clk 00:11:04]} {[%emt
00:00:46]} 30. Qxd2 {[%clk 00:00:48]} {[%emt 00:00:01]} Rf8 {[%clk 00:10:05]}
{[%emt 00:01:08]} 31. Qe3 {[%clk 00:00:45]} {[%emt 00:00:13]} Rf5 {[%clk
00:09:14]} {[%emt 00:01:00]} 32. Qc5 {[%clk 00:00:50]} {[%emt 00:00:07]} Qf7
{[%clk 00:03:20]} {[%emt 00:06:04]} 33. Rf1 {[%clk 00:00:28]} {[%emt 00:00:31]}
Nxe5 {[%clk 00:02:21]} {[%emt 00:01:10]} 34. Rxf5 {[%clk 00:00:19]} {[%emt
00:00:18]} Qxf5 {[%clk 00:02:25]} {[%emt 00:00:05]} 35. Qe3 {[%clk 00:00:13]}
{[%emt 00:00:17]} Nc4 {[%clk 00:02:20]} {[%emt 00:00:15]} 36. Qe2 {[%clk
00:00:19]} {[%emt 00:00:04]} Rf8 {[%clk 00:02:20]} {[%emt 00:00:10]} 37. Bc1
{[%clk 00:00:14]} {[%emt 00:00:16]} e5 {[%clk 00:02:05]} {[%emt 00:00:24]} 38.
Ra2 {[%clk 00:00:16]} {[%emt 00:00:08]} e4 {[%clk 00:01:01]} {[%emt 00:01:14]}
39. Bf4 {[%clk 00:00:22]} {[%emt 00:00:04]} g5 {[%clk 00:00:57]} {[%emt
00:00:14]} 40. Be3 {[%clk 00:00:22]} {[%emt 00:00:11]} Qf1+ {[%clk 00:00:36]}
{[%emt 00:00:31]} 41. Qxf1 {[%clk 00:00:29]} {[%emt 00:00:02]} Nxe3+ {[%clk
00:00:44]} {[%emt 00:00:02]} 0-1

[Event "ABC 2024 Utrecht, Groep B"]
[Site "Utrecht"]
[Date "2024.03.09"]
[Round "4.7"]
[White "Pathak, Raghav"]
[Black "Tetova, Amir"]
[Result "1/2-1/2"]
[WhiteElo "1960"]
[BlackElo "1804"]

1. e4 {[%clk 00:55:16]} {[%emt 00:00:04]} e6 {[%clk 00:55:16]} {[%emt
00:00:04]} 2. c4 {[%clk 00:55:03]} {[%emt 00:00:23]} Nc6 {[%clk 00:54:45]}
{[%emt 00:00:41]} 3. d4 {[%clk 00:55:06]} {[%emt 00:00:07]} d5 {[%clk
00:53:52]} {[%emt 00:01:04]} 4. exd5 {[%clk 00:54:37]} {[%emt 00:00:38]} exd5
{[%clk 00:53:58]} {[%emt 00:00:05]} 5. Be3 {[%clk 00:54:39]} {[%emt 00:00:08]}
Nf6 {[%clk 00:53:49]} {[%emt 00:00:19]} 6. Nc3 {[%clk 00:54:44]} {[%emt
00:00:05]} Be7 {[%clk 00:53:19]} {[%emt 00:00:40]} 7. Nf3 {[%clk 00:54:25]}
{[%emt 00:00:28]} Bg4 {[%clk 00:53:12]} {[%emt 00:00:17]} 8. Be2 {[%clk
00:54:23]} {[%emt 00:00:13]} O-O {[%clk 00:53:17]} {[%emt 00:00:05]} 9. O-O
{[%clk 00:54:29]} {[%emt 00:00:03]} Re8 {[%clk 00:49:27]} {[%emt 00:04:00]} 10.
Ne5 {[%clk 00:54:10]} {[%emt 00:00:29]} Bxe2 {[%clk 00:48:46]} {[%emt
00:00:51]} 11. Qxe2 {[%clk 00:52:55]} {[%emt 00:01:25]} Nxe5 {[%clk 00:46:05]}
{[%emt 00:02:52]} 12. dxe5 {[%clk 00:52:51]} {[%emt 00:00:13]} d4 {[%clk
00:45:33]} {[%emt 00:00:42]} 13. exf6 {[%clk 00:52:01]} {[%emt 00:01:00]} Bxf6
{[%clk 00:44:54]} {[%emt 00:00:49]} 14. Rad1 {[%clk 00:52:08]} {[%emt
00:00:03]} c5 {[%emt 00:01:51]} 15. Qf3 {[%clk 00:51:34]} {[%emt 00:00:43]} Qc8
{[%clk 00:42:38]} {[%emt 00:00:47]} 16. Nd5 {[%clk 00:49:57]} {[%emt 00:01:46]}
dxe3 {[%clk 00:42:03]} {[%emt 00:00:45]} 17. Nxf6+ {[%clk 00:49:43]} {[%emt
00:00:24]} gxf6 {[%clk 00:41:52]} {[%emt 00:00:21]} 18. fxe3 {[%clk 00:49:41]}
{[%emt 00:00:12]} Qe6 {[%clk 00:41:12]} {[%emt 00:00:50]} 19. Qxf6 {[%clk
00:49:04]} {[%emt 00:00:47]} Qxf6 {[%clk 00:41:02]} {[%emt 00:00:20]} 20. Rxf6
{[%clk 00:48:58]} {[%emt 00:00:16]} Rxe3 {[%clk 00:41:12]} {[%emt 00:00:01]} 21.
Rd7 {[%clk 00:48:58]} {[%emt 00:00:10]} Re1+ {[%clk 00:37:26]} {[%emt
00:03:56]} 22. Rf1 {[%clk 00:48:43]} {[%emt 00:00:24]} Rxf1+ {[%clk 00:37:05]}
{[%emt 00:00:31]} 23. Kxf1 {[%clk 00:48:48]} {[%emt 00:00:06]} b6 {[%clk
00:36:46]} {[%emt 00:00:29]} 24. Kf2 {[%clk 00:48:51]} {[%emt 00:00:06]} a6
{[%clk 00:36:50]} {[%emt 00:00:07]} 25. Rb7 {[%clk 00:48:24]} {[%emt 00:00:36]}
b5 {[%clk 00:36:48]} {[%emt 00:00:12]} 26. cxb5 {[%clk 00:47:59]} {[%emt
00:00:35]} axb5 {[%clk 00:36:56]} {[%emt 00:00:03]} 27. a3 {[%emt 00:00:36]} b4
{[%clk 00:35:40]} {[%emt 00:01:25]} 28. axb4 {[%clk 00:47:35]} {[%emt
00:00:08]} c4 {[%clk 00:33:40]} {[%emt 00:02:10]} 29. Rc7 {[%clk 00:47:38]}
{[%emt 00:00:07]} Ra2 {[%clk 00:33:46]} {[%emt 00:00:04]} 30. Rxc4 {[%clk
00:47:45]} {[%emt 00:00:03]} Rxb2+ {[%clk 00:33:49]} {[%emt 00:00:07]} 31. Kg3
{[%clk 00:47:47]} {[%emt 00:00:08]} Kg7 {[%clk 00:33:45]} {[%emt 00:00:15]} 32.
h4 {[%clk 00:47:51]} {[%emt 00:00:06]} Kg6 {[%emt 00:01:00]} 33. Kf3 {[%clk
00:47:38]} {[%emt 00:00:22]} f5 {[%clk 00:29:31]} {[%emt 00:03:35]} 34. g3
{[%clk 00:46:29]} {[%emt 00:01:18]} Rb1 {[%clk 00:27:57]} {[%emt 00:01:44]} 35.
Rc6+ {[%clk 00:46:23]} {[%emt 00:00:15]} Kh5 {[%clk 00:25:49]} {[%emt
00:02:17]} 36. Rb6 {[%clk 00:46:03]} {[%emt 00:00:33]} Rf1+ {[%clk 00:25:01]}
{[%emt 00:00:58]} 37. Kg2 {[%clk 00:46:03]} {[%emt 00:00:09]} Rb1 {[%clk
00:25:07]} {[%emt 00:00:04]} 38. Rb8 {[%clk 00:46:08]} {[%emt 00:00:05]} Kg4
{[%clk 00:23:36]} {[%emt 00:01:41]} 39. Rg8+ {[%clk 00:44:04]} {[%emt
00:02:14]} Kh5 {[%clk 00:23:37]} {[%emt 00:00:10]} 40. Rg5+ {[%clk 00:42:41]}
{[%emt 00:01:33]} Kh6 {[%clk 00:23:46]} 41. Rxf5 {[%clk 00:42:37]} {[%emt
00:00:13]} Rxb4 {[%clk 00:23:55]} {[%emt 00:00:02]} 42. Rf4 {[%clk 00:42:09]}
{[%emt 00:00:37]} Rb2+ {[%clk 00:23:26]} {[%emt 00:00:39]} 43. Rf2 {[%clk
00:42:14]} {[%emt 00:00:05]} Rb3 {[%clk 00:23:26]} {[%emt 00:00:09]} 44. g4
{[%clk 00:42:18]} {[%emt 00:00:07]} Kg6 {[%clk 00:23:21]} {[%emt 00:00:15]} 45.
Rf3 {[%clk 00:42:07]} {[%emt 00:00:21]} Rb2+ {[%clk 00:23:00]} {[%emt
00:00:32]} 46. Kg3 {[%clk 00:42:08]} {[%emt 00:00:08]} Rb4 {[%clk 00:22:20]}
{[%emt 00:00:50]} 47. Ra3 {[%clk 00:42:10]} {[%emt 00:00:09]} Rb7 {[%clk
00:21:50]} {[%emt 00:00:38]} 48. h5+ {[%clk 00:42:12]} {[%emt 00:00:08]} Kg7
{[%clk 00:21:36]} {[%emt 00:00:25]} 49. Kh4 {[%clk 00:41:13]} {[%emt 00:01:08]}
h6 {[%clk 00:21:30]} {[%emt 00:00:17]} 50. Ra5 {[%clk 00:40:59]} {[%emt
00:00:23]} Rc7 {[%clk 00:21:04]} {[%emt 00:00:37]} 51. Kg3 {[%clk 00:41:05]}
{[%emt 00:00:05]} Rf7 {[%clk 00:20:56]} {[%emt 00:00:17]} 52. Rf5 {[%clk
00:41:09]} {[%emt 00:00:06]} Ra7 {[%clk 00:18:34]} {[%emt 00:02:32]} 53. Kh4
{[%clk 00:41:07]} {[%emt 00:00:13]} Ra3 {[%clk 00:17:47]} {[%emt 00:00:57]} 54.
Rb5 {[%clk 00:41:03]} {[%emt 00:00:13]} Ra7 {[%clk 00:17:50]} {[%emt 00:00:07]}
55. g5 {[%clk 00:41:08]} {[%emt 00:00:06]} Ra4+ {[%clk 00:17:53]} {[%emt
00:00:06]} 56. Kh3 {[%clk 00:41:03]} {[%emt 00:00:15]} hxg5 {[%clk 00:17:51]}
{[%emt 00:00:12]} 57. Rxg5+ {[%clk 00:41:03]} {[%emt 00:00:10]} Kh6 {[%clk
00:17:59]} {[%emt 00:00:02]} 58. Rb5 {[%clk 00:40:45]} {[%emt 00:00:28]} Rc4
{[%clk 00:17:54]} {[%emt 00:00:15]} 59. Ra5 {[%clk 00:40:43]} {[%emt 00:00:11]}
Rb4 {[%clk 00:18:02]} {[%emt 00:00:03]} 60. Kg3 {[%clk 00:40:44]} {[%emt
00:00:09]} Rc4 {[%clk 00:18:06]} {[%emt 00:00:06]} 61. Rd5 {[%clk 00:40:44]}
{[%emt 00:00:10]} Rb4 {[%clk 00:18:09]} {[%emt 00:00:08]} 62. Rf5 {[%clk
00:40:49]} {[%emt 00:00:05]} Rc4 {[%clk 00:18:10]} {[%emt 00:00:09]} 63. Kh3
{[%clk 00:40:44]} {[%emt 00:00:14]} Rb4 {[%clk 00:18:14]} {[%emt 00:00:06]} 64.
Rc5 {[%clk 00:40:38]} {[%emt 00:00:16]} Rd4 {[%clk 00:18:20]} {[%emt 00:00:04]}
65. Ra5 {[%clk 00:40:40]} {[%emt 00:00:08]} Rb4 {[%clk 00:18:26]} {[%emt
00:00:04]} 66. Rd5 {[%clk 00:40:41]} {[%emt 00:00:09]} Rc4 {[%clk 00:18:34]}
{[%emt 00:00:03]} 67. Rf5 {[%clk 00:40:45]} {[%emt 00:00:05]} Ra4 {[%clk
00:18:40]} {[%emt 00:00:03]} 68. Kg3 {[%clk 00:40:44]} {[%emt 00:00:12]} Rb4
{[%clk 00:18:45]} {[%emt 00:00:05]} 69. Kh3 {[%clk 00:40:49]} {[%emt 00:00:05]}
Ra4 {[%clk 00:18:51]} {[%emt 00:00:04]} 70. Rd5 {[%clk 00:40:37]} {[%emt
00:00:22]} Rb4 {[%clk 00:18:58]} {[%emt 00:00:04]} 71. Ra5 {[%clk 00:40:32]}
{[%emt 00:00:15]} Rc4 {[%clk 00:19:04]} {[%emt 00:00:03]} 72. Rd5 {[%clk
00:40:35]} {[%emt 00:00:06]} Rb4 {[%clk 00:19:11]} {[%emt 00:00:04]} 73. Rc5
{[%clk 00:40:39]} {[%emt 00:00:06]} Ra4 {[%clk 00:19:15]} {[%emt 00:00:06]} 74.
Rb5 {[%clk 00:40:44]} {[%emt 00:00:05]} Rc4 {[%clk 00:19:22]} {[%emt 00:00:03]}
75. Kg3 {[%clk 00:40:48]} {[%emt 00:00:06]} Ra4 {[%emt 00:00:03]} 76. Rf5
{[%emt 00:00:07]} Rb4 {[%clk 00:19:18]} {[%emt 00:00:05]} 77. Re5 {[%clk
00:40:54]} {[%emt 00:00:03]} Ra4 {[%emt 00:00:06]} 78. Rc5 {[%emt 00:00:05]}
Rb4 {[%clk 00:19:14]} {[%emt 00:00:03]} 79. Ra5 {[%clk 00:41:00]} {[%emt
00:00:04]} Rc4 {[%clk 00:19:22]} {[%emt 00:00:03]} 80. Kh3 {[%clk 00:40:55]}
{[%emt 00:00:14]} Rb4 {[%clk 00:19:28]} {[%emt 00:00:04]} 81. Re5 {[%clk
00:40:55]} {[%emt 00:00:09]} Ra4 {[%clk 00:19:25]} {[%emt 00:00:14]} 82. Kg3
{[%clk 00:40:56]} {[%emt 00:00:09]} Rb4 {[%clk 00:19:31]} {[%emt 00:00:04]} 83.
Rd5 {[%clk 00:41:00]} {[%emt 00:00:06]} Ra4 {[%clk 00:19:38]} {[%emt 00:00:04]}
84. Re5 {[%clk 00:41:04]} {[%emt 00:00:06]} Rb4 {[%clk 00:19:44]} {[%emt
00:00:04]} 85. Ra5 {[%clk 00:41:09]} {[%emt 00:00:04]} Rc4 {[%clk 00:19:45]}
{[%emt 00:00:09]} 86. Kh3 {[%clk 00:41:15]} {[%emt 00:00:04]} Rb4 {[%clk
00:19:51]} {[%emt 00:00:04]} 87. Rf5 {[%clk 00:41:20]} {[%emt 00:00:04]} Ra4
{[%clk 00:19:59]} {[%emt 00:00:03]} 1/2-1/2